[Event "GER-ch U18"]
[Site "Willingen"]
[Date "2023.05.29"]
[Round "3"]
[White "Wurmbauer, Nils"]
[Black "Plaumann, Arvin"]
[Result "1-0"]
[WhiteElo "1995"]
[BlackElo "1786"]
[PlyCount "49"]
[EventDate "2023.05.28"]
[EventType "swiss"]
[EventRounds "9"]
[EventCountry "GER"]
[SourceTitle "CBM 214 Extra"]
[Source "ChessBase"]
[SourceDate "2023.07.31"]
[SourceVersion "1"]
[SourceVersionDate "2023.07.31"]
[SourceQuality "1"]

1. e4 e5 2. Nf3 Nc6 3. Bc4 Bc5 4. 0-0 Nf6 5. d3 0-0 6. Re1 d5 7. exd5 Nxd5 8. Nxe5 Bxf2+ 9. Kxf2 Nxe5 10. Rxe5 Qf6+ 11. Qf3 Qxe5 12. Bxd5 c6 13. Bb3 Qxh2 14. Bf4 Qh4+ 15. Qg3 Qf6 16. Nc3 Qg6 17. Qxg6 hxg6 18. Ne4 Be6 19. Bxe6 fxe6 20. Ke3 Rf7 21. Nd6 Rd7 22. Nc4 Rf8 23. Ne5 Rd5 24. Nxg6 Rf7 25. Rh1 1-0

[Event "Pfalz op-B 10th"]
[Site "Neustadt an der Weinstrasse"]
[Date "2019.03.04"]
[Round "6"]
[White "Wachtel, Arthur"]
[Black "Wurmbauer, Nils"]
[Result "1-0"]
[WhiteElo "1897"]
[BlackElo "1691"]
[PlyCount "91"]
[EventDate "2019.03.01"]
[EventType "swiss"]
[EventRounds "7"]
[EventCountry "GER"]
[SourceTitle "CBM 189 Extra"]
[Source "ChessBase"]
[SourceDate "2019.06.03"]
[SourceVersion "1"]
[SourceVersionDate "2019.06.03"]
[SourceQuality "1"]

1. e4 c6 2. Nf3 d5 3. exd5 cxd5 4. Ne5 e6 5. d4 Nc6 6. f4 Nh6 7. c3 Nxe5 8. fxe5 Nf5 9. Qf3 Be7 10. Bd3 Bg5 11. 0-0 Bxc1 12. Rxc1 Qg5 13. Rf1 Qe3+ 14. Kh1 Qxf3 15. Rxf3 Ke7 16. Na3 a6 17. Raf1 h5 18. Nc2 Bd7 19. Bxf5 exf5 20. Ne3 Be6 21. Nxf5+ Bxf5 22. Rxf5 Raf8 23. Kg1 Ke6 24. R1f3 Rh6 25. Kf2 f6 26. exf6 Rfxf6 27. Rxf6+ Rxf6 28. Rxf6+ Kxf6 29. Kf3 Kf5 30. a4 b6 31. b3 b5 32. axb5 axb5 33. Ke3 h4 34. Kd3 h3 35. gxh3 Kg5 36. c4 bxc4+ 37. bxc4 dxc4+ 38. Kxc4 Kf6 39. Kc5 Ke7 40. Kd5 Kd7 41. Ke5 Ke7 42. h4 Kd7 43. Kd5 g6 44. h3 Kd8 45. Kd6 Ke8 46. Kc7 1-0

[Event "Pfalz op-B 10th"]
[Site "Neustadt an der Weinstrasse"]
[Date "2019.03.03"]
[Round "5"]
[White "Gutzen, Werner"]
[Black "Wurmbauer, Nils"]
[Result "1/2-1/2"]
[WhiteElo "1871"]
[BlackElo "1691"]
[PlyCount "35"]
[EventDate "2019.03.01"]
[EventType "swiss"]
[EventRounds "7"]
[EventCountry "GER"]
[SourceTitle "CBM 189 Extra"]
[Source "ChessBase"]
[SourceDate "2019.06.03"]
[SourceVersion "1"]
[SourceVersionDate "2019.06.03"]
[SourceQuality "1"]

1. e4 e5 2. Nf3 Nc6 3. Bb5 g6 4. 0-0 Bg7 5. Bxc6 dxc6 6. b3 Ne7 7. Bb2 Bg4 8. d3 0-0 9. Nbd2 c5 10. h3 Bxf3 11. Nxf3 Nc6 12. Qe2 a5 13. a4 Nd4 14. Nxd4 cxd4 15. Bc1 Qd7 16. Bd2 b6 17. Kh2 c5 18. f3 1/2-1/2

[Event "Pfalz op-B 10th"]
[Site "Neustadt an der Weinstrasse"]
[Date "2019.03.02"]
[Round "3"]
[White "Wurmbauer, Nils"]
[Black "Koehler, Gernot"]
[Result "1-0"]
[WhiteElo "1691"]
[BlackElo "1873"]
[PlyCount "67"]
[EventDate "2019.03.01"]
[EventType "swiss"]
[EventRounds "7"]
[EventCountry "GER"]
[SourceTitle "CBM 189 Extra"]
[Source "ChessBase"]
[SourceDate "2019.06.03"]
[SourceVersion "1"]
[SourceVersionDate "2019.06.03"]
[SourceQuality "1"]

1. e4 c5 2. Nf3 Nc6 3. d4 cxd4 4. Nxd4 Nf6 5. Nc3 d6 6. Be3 Bd7 7. f3 e5 8. Ndb5 Be6 9. Bg5 a6 10. Bxf6 gxf6 11. Na3 b5 12. Nd5 f5 13. Bd3 h5 14. c3 h4 15. Qe2 Rb8 16. Nc2 Bh6 17. Ncb4 Nxb4 18. Nxb4 Qb6 19. a4 Bc4 20. axb5 Bxd3 21. Qxd3 a5 22. Nd5 fxe4 23. fxe4 Qd8 24. b6 Qg5 25. Qe2 0-0 26. Rf1 Rb7 27. Rf5 Qg6 28. Rxa5 Bg5 29. Ra7 Rfb8 30. Rxb7 Rxb7 31. Qa6 Rb8 32. Qa7 Re8 33. b7 Bd8 34. b8Q 1-0

[Event "Pfalz op-B 10th"]
[Site "Neustadt an der Weinstrasse"]
[Date "2019.03.02"]
[Round "2"]
[White "Yeganyan, Artur"]
[Black "Wurmbauer, Nils"]
[Result "0-1"]
[WhiteElo "1845"]
[BlackElo "1691"]
[PlyCount "106"]
[EventDate "2019.03.01"]
[EventType "swiss"]
[EventRounds "7"]
[EventCountry "GER"]
[SourceTitle "CBM 189 Extra"]
[Source "ChessBase"]
[SourceDate "2019.06.03"]
[SourceVersion "1"]
[SourceVersionDate "2019.06.03"]
[SourceQuality "1"]

1. e4 e6 2. d4 d5 3. exd5 exd5 4. Bf4 Bd6 5. Bxd6 Qxd6 6. Nf3 Bf5 7. c3 Nf6 8. Bd3 Bxd3 9. Qxd3 0-0 10. 0-0 Nbd7 11. Nbd2 Rfe8 12. Rfe1 c6 13. Qf5 g6 14. Qc2 Kf8 15. Qb3 Qc7 16. Qb4+ Kg7 17. a4 Qb6 18. Qb3 Rxe1+ 19. Rxe1 Qxb3 20. Nxb3 Re8 21. Rxe8 Nxe8 22. Kf1 Nd6 23. Na5 f6 24. Nd2 Kf7 25. Ke2 Ke7 26. g3 Nb6 27. b3 Kd7 28. c4 dxc4 29. Ndxc4 Nbxc4 30. Nxc4 Nxc4 31. bxc4 b6 32. Kd3 a6 33. Kc3 Ke6 34. Kd3 Kf5 35. f3 g5 36. Ke3 h5 37. h3 Ke6 38. Kd3 f5 39. g4 fxg4 40. fxg4 hxg4 41. hxg4 b5 42. d5+ Kd6 43. dxc6 bxa4 44. Kc3 a5 45. Kb2 Kxc6 46. Ka3 Kc5 47. Kxa4 Kxc4 48. Kxa5 Kd4 49. Kb4 Ke3 50. Kc3 Kf3 51. Kd2 Kxg4 52. Ke2 Kg3 53. Kf1 Kh2 0-1